Physical anthropology/ (Record no. 7504)
[ view plain ]
| 000 -LEADER | |
|---|---|
| fixed length control field | 00543nam a2200169 4500 |
| 008 - FIXED-LENGTH DATA ELEMENTS--GENERAL INFORMATION | |
| fixed length control field | 170928b xxu||||| |||| 00| 0 eng d |
| 020 ## - INTERNATIONAL STANDARD BOOK NUMBER | |
| International Standard Book Number | 0-697-37341-x |
| 082 ## - DEWEY DECIMAL CLASSIFICATION NUMBER | |
| Edition number | 1997 |
| Classification number | DC 573.05 |
| Item number | P56 |
| 245 ## - TITLE STATEMENT | |
| Title | Physical anthropology/ |
| Statement of responsibility, etc. | edited by Elvio Angeloni |
| 250 ## - EDITION STATEMENT | |
| Edition statement | Sixth Edition |
| 260 ## - PUBLICATION, DISTRIBUTION, ETC. (IMPRINT) | |
| Place of publication, distribution, etc. | Connecticut: |
| Name of publisher, distributor, etc. | Dushkin/McGraw-Hill, |
| Date of publication, distribution, etc. | ©1997. |
| 300 ## - PHYSICAL DESCRIPTION | |
| Extent | 1 v (various paging): |
| Other physical details | illustrations; |
| Dimensions | 27 cm. |
| 500 ## - GENERAL NOTE | |
| General note | Includes index. |
| 650 #0 - SUBJECT ADDED ENTRY--TOPICAL TERM | |
| 9 (RLIN) | 22760 |
| Topical term or geographic name as entry element | Physical anthropology |
| Form subdivision | Periodicals |
| 700 ## - ADDED ENTRY--PERSONAL NAME | |
| 9 (RLIN) | 22761 |
| Personal name | Angeloni, Elvio |
| 942 ## - ADDED ENTRY ELEMENTS (KOHA) | |
| Source of classification or shelving scheme | Dewey Decimal Classification |
| Koha item type | Circulation |
| Withdrawn status | Lost status | Source of classification or shelving scheme | Damaged status | Not for loan | Collection code | Home library | Current library | Date acquired | Source of acquisition | Total Checkouts | Full call number | Barcode | Date last seen | Copy number | Price effective from | Koha item type | Shelving location |
|---|---|---|---|---|---|---|---|---|---|---|---|---|---|---|---|---|---|
| Dewey Decimal Classification | Circulation | UM Digos College - LIC | UM Digos College - LIC | 09/15/2003 | Donated | DC 573.05 P56 1997 | 15866 | 05/15/2025 | 6 | 09/28/2017 | Circulation | ||||||
| Dewey Decimal Classification | Circulation | UM Digos College - LIC | UM Digos College - LIC | 09/15/2003 | Donated | DC 573.05 P56 1997 | 15864 | 05/15/2025 | 4 | 09/28/2017 | Circulation | Book Cart | |||||
| Dewey Decimal Classification | Circulation | UM Digos College - LIC | UM Digos College - LIC | 09/15/2003 | Donated | DC 573.05 P56 1997 | 15862 | 05/15/2025 | 2 | 09/28/2017 | Circulation | ||||||
| Dewey Decimal Classification | Circulation | UM Digos College - LIC | UM Digos College - LIC | 09/15/2003 | Donated | DC 573.05 P56 1997 | 15861 | 05/15/2025 | 1 | 09/28/2017 | Circulation | ||||||
| Dewey Decimal Classification | Circulation | UM Digos College - LIC | UM Digos College - LIC | 09/15/2003 | Donated | DC 573.05 P56 1997 | 15863 | 06/08/2021 | 3 | 09/28/2017 | Circulation | ||||||
| Dewey Decimal Classification | Circulation | UM Digos College - LIC | UM Digos College - LIC | 09/15/2003 | Donated | DC 573.05 P56 1997 | 15865 | 05/15/2025 | 5 | 09/28/2017 | Circulation |
